Sokoto journal of medical laboratory science.[SJMLS] (Record no. 38643)
[ view plain ]
| 000 -LEADER | |
|---|---|
| fixed length control field | 00531nam a2200169Ia 4500 |
| 022 ## - INTERNATIONAL STANDARD SERIAL NUMBER | |
| ISSN | 25367153 |
| 050 ## - CALL MARK | |
| Classification number | RB 37 .S65/ |
| 245 #0 - TITLE STATEMENT | |
| Title | Sokoto journal of medical laboratory science.[SJMLS] |
| 260 ## - PUBLICATION, DISTRIBUTION, ETC. (IMPRINT) | |
| Place of publication | Sokoto, Nigeria |
| 260 ## - PUBLICATION, DISTRIBUTION, ETC. (IMPRINT) | |
| Name of publisher | Usmanu danfodyo university,sokoto |
| 260 ## - PUBLICATION, DISTRIBUTION, ETC. (IMPRINT) | |
| Year of publication | 2017 |
| 300 ## - PHYSICAL DESCRIPTION | |
| Number of Pages | 255 p. :ill. ; 29 cm. |
| 650 ## - SUBJECT ADDED ENTRY--TOPICAL TERM | |
| Topical Term | Medical laboratory technology--Periodicals. Laboratories--Equipment and supplies--Periodicals. |
| 942 ## - ADDED ENTRY ELEMENTS (KOHA) | |
| Koha item type | Serials |
No items available.